| 000 | 00919cam a2200289 a 4500 | ||
|---|---|---|---|
| 001 | 12958465 | ||
| 003 | OSt | ||
| 005 | 20170105101202.0 | ||
| 008 | 021004s2003 maua 001 0 eng | ||
| 010 | _a 2002514513 | ||
| 020 | _a0205377750 | ||
| 020 | _a0205377750 (computer disc) | ||
| 040 |
_aDLC _cDLC |
||
| 050 | 0 | 0 |
_aP90 _b.V53 2003 |
| 082 | 0 | 4 |
_a302.23 _221 |
| 100 | 1 | _aVivian, John. | |
| 245 | 1 | 4 |
_aThe media of mass communication / _cJohn Vivian. |
| 250 | _a6th ed., 2003 update. | ||
| 260 |
_aBoston : _bAllyn and Bacon, _cc2003. |
||
| 300 |
_axxv, 510 p. : _bcol. ill. ; _c26 cm. + _e1 computer optical disc (4 3/4 in.) |
||
| 500 | _aIncludes index. | ||
| 538 | _aSystem requirements for accompanying computer disc: Windows and Macintosh | ||
| 650 | 0 | _aMass media. | |
| 906 |
_a7 _bcbc _corigcop _d2 _encip _f20 _gy-gencatlg |
||
| 942 |
_2ddc _cBK |
||
| 999 |
_c2825 _d2825 |
||